| 000 | 00877cam a22002413a 4500 | ||
|---|---|---|---|
| 001 | 14714 | ||
| 003 | PGUSA | ||
| 005 | 20140828083320.0 | ||
| 008 | 050117s2005||||xxu|||||s|||||000 1 eng d | ||
| 040 |
_aPGUSA _beng |
||
| 042 | _adc | ||
| 050 | 4 | _aPS | |
| 100 | 1 |
_aFerber, Edna, _d1885-1968 |
|
| 245 | 1 | 0 |
_aHalf Portions _h[electronic resource] / _cEdna Ferber |
| 260 |
_bProject Gutenberg, _c2005 |
||
| 505 | 0 | _aThe maternal feminine -- April 25th, as usual -- Old lady Mandle -- You've got to be selfish -- Long distance -- Un morso doo pang -- One hundred per cent -- Farmer in the dell -- The dancing girls. | |
| 506 | _aPublic domain in the USA. | ||
| 516 | _aElectronic text | ||
| 653 | _aUnited States -- Social life and customs -- 20th century -- Fiction | ||
| 830 | 0 |
_aProject Gutenberg _v14714 |
|
| 856 | 4 | 0 | _uhttp://www.gutenberg.org/ebooks/14714 |
| 942 | _cEB | ||
| 999 |
_c243969 _d243969 |
||